[Event "4NCL Division 1 & 2"]
[Site "Daventry, ENG"]
[Date "2022.02.13"]
[Round "4.124"]
[White "Talsma, Paul"]
[Black "Hilton, Tim"]
[Result "1/2-1/2"]
[WhiteElo "2166"]
[BlackElo "2011"]
[PlyCount "27"]
[EventDate "2022.02.13"]
[WhiteTeam "Anglian Avengers"]
[BlackTeam "Manchester Manticores 1"]

1. d4 Nf6 2. c4 Nc6 3. Nf3 e6 4. a3 d6 5. Nc3 g6 6. h3 Bg7 7. e4 O-O 8. Bg5 h6
9. Be3 Re8 10. Be2 e5 11. d5 Nd4 12. Nxd4 exd4 13. Bxd4 Nxe4 14. Bxg7 1/2-1/2

[Event "4NCL Division 1 & 2"]
[Site "Daventry, ENG"]
[Date "2022.02.13"]
[Round "4.125"]
[White "Pelling, Kyle"]
[Black "Lewis, Andrew P"]
[Result "0-1"]
[WhiteElo "1929"]
[BlackElo "2243"]
[PlyCount "86"]
[EventDate "2022.02.13"]
[WhiteTeam "Manchester Manticores 1"]
[BlackTeam "Anglian Avengers"]

1. e4 c5 2. Nf3 Nc6 3. d4 cxd4 4. Nxd4 Nf6 5. Nc3 d6 6. Bg5 e6 7. f4 h6 8. Bh4
Be7 9. Qd3 a6 10. O-O-O Bd7 11. Rg1 g5 12. fxg5 Ng4 13. Nf3 hxg5 14. Bg3 Nge5
15. Nxe5 Nxe5 16. Qd4 Qa5 17. Be2 Rc8 18. Rgf1 Qc5 19. Bxe5 Qxe5 20. Qf2 f6 21.
g3 b5 22. Bd3 Qc5 23. Ne2 Qxf2 24. Rxf2 Rh6 25. Rh1 g4 26. Nd4 Bd8 27. Kd2 Bb6
28. c3 Rc5 29. Be2 Rg5 30. Rhf1 Ke7 31. a4 bxa4 32. Bxa6 Rgh5 33. Be2 Rxh2 34.
Bxg4 e5 35. Bxd7 exd4 36. Rxh2 Rxh2+ 37. Kd3 Kxd7 38. cxd4 Rxb2 39. Rxf6 a3 40.
Rf1 Rb4 41. Kc3 Rxd4 42. Rb1 Bc5 43. Rb5 Rxe4 0-1

[Event "4NCL Division 1 & 2"]
[Site "Daventry, ENG"]
[Date "2022.02.13"]
[Round "4.126"]
[White "Peck, Silas"]
[Black "Lyth, John D"]
[Result "1-0"]
[WhiteElo "2079"]
[BlackElo "1945"]
[PlyCount "127"]
[EventDate "2022.02.13"]
[WhiteTeam "Anglian Avengers"]
[BlackTeam "Manchester Manticores 1"]

1. e4 e5 2. Nf3 Nc6 3. Bc4 Be7 4. d4 d6 5. Nc3 Nf6 6. h3 O-O 7. O-O a6 8. a4
Bd7 9. Re1 exd4 10. Nxd4 Ne5 11. Bb3 c5 12. Nf5 Bxf5 13. exf5 h6 14. g4 Qd7 15.
f4 Nc6 16. g5 hxg5 17. fxg5 Qxf5 18. gxf6 Bxf6 19. Qg4 Qxg4+ 20. hxg4 Ne5 21.
Re4 Nf3+ 22. Kg2 Ng5 23. Re1 Ne6 24. Bxe6 fxe6 25. Rxe6 Be5 26. Bg5 Kf7 27.
Re7+ Kg6 28. Be3 Rh8 29. Rh1 Rxh1 30. Kxh1 Rh8+ 31. Kg1 Rh4 32. Rxb7 Rxg4+ 33.
Kf2 Bxc3 34. bxc3 Rxa4 35. Ke2 Kf6 36. Rd7 Ke6 37. Rxg7 Kd5 38. Kd3 Rh4 39. Ra7
Ra4 40. Rc7 Rg4 41. Rc8 Ra4 42. Rf8 Rg4 43. c4+ Kc6 44. Rf6 Rg7 45. Bf4 Rd7 46.
Kc3 Rd8 47. Kd3 Rd7 48. c3 Rd8 49. Kc2 a5 50. Kb3 Rb8+ 51. Ka4 Rd8 52. Rxd6+
Rxd6 53. Bxd6 Kxd6 54. Kxa5 Kc6 55. Ka6 Kc7 56. Kb5 Kd6 57. Kb6 Kd7 58. Kxc5
Kc7 59. Kd5 Kd7 60. c5 Kc7 61. c6 Kc8 62. Kd6 Kd8 63. c7+ Kc8 64. c4 1-0

[Event "4NCL Division 1 & 2"]
[Site "Daventry, ENG"]
[Date "2022.02.13"]
[Round "4.127"]
[White "Kay, Lee P"]
[Black "Sheerin, Alex"]
[Result "1-0"]
[WhiteElo "1957"]
[BlackElo "1978"]
[PlyCount "33"]
[EventDate "2022.02.13"]
[WhiteTeam "Manchester Manticores 1"]
[BlackTeam "Anglian Avengers"]

1. d4 d5 2. Bg5 Nf6 3. Bxf6 gxf6 4. c4 c6 5. e3 Bf5 6. Nc3 Bg7 7. cxd5 cxd5 8.
Qb3 O-O 9. Qxd5 Qc8 10. Nf3 Nc6 11. g3 e5 12. Rd1 Rd8 13. Qc4 a6 14. d5 b5 15.
Qxc6 Qb8 16. d6 Be6 17. Qc7 1-0

[Event "4NCL Division 1 & 2"]
[Site "Daventry, ENG"]
[Date "2022.02.13"]
[Round "4.128"]
[White "Mullaparthi, Ganesh"]
[Black "Whitehead, Mark A"]
[Result "1/2-1/2"]
[WhiteElo "1964"]
[BlackElo "1934"]
[PlyCount "61"]
[EventDate "2022.02.13"]
[WhiteTeam "Anglian Avengers"]
[BlackTeam "Manchester Manticores 1"]

1. e4 c5 2. Nf3 e6 3. d4 cxd4 4. Nxd4 Nc6 5. Nc3 Qc7 6. Ndb5 Qb8 7. g3 Nf6 8.
Bf4 Ne5 9. Bg2 a6 10. Qd4 d6 11. O-O-O Nfd7 12. Nxd6+ Bxd6 13. Qxd6 Qxd6 14.
Rxd6 O-O 15. Rhd1 b5 16. Bxe5 Nxe5 17. f4 Nc4 18. e5 Rb8 19. R6d3 Bb7 20. Bxb7
Rxb7 21. b3 Nb6 22. Ne4 Nd5 23. Nc5 Ra7 24. c4 bxc4 25. bxc4 Rc8 26. cxd5 Rxc5+
27. Kb1 Rb7+ 28. Ka1 exd5 29. Rxd5 Rxd5 30. Rxd5 g6 31. Rd6 1/2-1/2

[Event "4NCL Division 1 & 2"]
[Site "Daventry, ENG"]
[Date "2022.02.13"]
[Round "4.131"]
[White "Okike, David"]
[Black "Bremner, Adam"]
[Result "0-1"]
[WhiteElo "2167"]
[BlackElo "2171"]
[PlyCount "122"]
[EventDate "2022.02.13"]
[WhiteTeam "Kings Head"]
[BlackTeam "The Sharks 2"]

1. e4 e5 2. Nf3 Nf6 3. Nxe5 d6 4. Nf3 Nxe4 5. d3 Nf6 6. d4 d5 7. Bd3 Bd6 8. h3
h6 9. Qe2+ Qe7 10. Be3 Nc6 11. c3 Bd7 12. a4 O-O 13. O-O Ne4 14. Nfd2 f5 15.
Nxe4 dxe4 16. Bc4+ Kh8 17. f4 Nd8 18. Nd2 c6 19. Bb3 Be6 20. Bc2 c5 21. Nc4
cxd4 22. Bxd4 Nc6 23. Be3 Bc5 24. Nd2 Rac8 25. a5 a6 26. Qf2 Bd6 27. Rfd1 Rfd8
28. Nf1 Bc7 29. Bb6 Rxd1 30. Bxd1 Rd8 31. Be2 Bxb6 32. Qxb6 Rd6 33. Qe3 Qc7 34.
b4 Ne7 35. Rc1 Nd5 36. Qd2 Rc6 37. b5 axb5 38. Bxb5 Rxc3 39. Rxc3 Nxc3 40. Be8
Nd5 41. g3 Qc5+ 42. Kg2 e3 43. Qd3 Qc1 44. Bh5 Qe1 45. Qe2 Qxa5 46. Nxe3 Nxe3+
47. Qxe3 Qa2+ 48. Kg1 b5 49. Bg6 Qa1+ 50. Kf2 Qf6 51. Bh5 b4 52. Bd1 b3 53. g4
fxg4 54. hxg4 b2 55. Bc2 Qh4+ 56. Ke2 Qxg4+ 57. Kd2 Bf5 58. Qe8+ Kh7 59. Bb3
Qg2+ 60. Kc3 b1=N+ 61. Kd4 Qb2+ 0-1

[Event "4NCL Division 1 & 2"]
[Site "Daventry, ENG"]
[Date "2022.02.13"]
[Round "4.132"]
[White "Kueh, Audrey"]
[Black "Guthrie, David"]
[Result "1/2-1/2"]
[WhiteElo "2117"]
[BlackElo "2139"]
[PlyCount "49"]
[EventDate "2022.02.13"]
[WhiteTeam "The Sharks 2"]
[BlackTeam "Kings Head"]

1. d4 d5 2. c4 c6 3. cxd5 cxd5 4. Bf4 Nc6 5. Nc3 Nf6 6. e3 a6 7. Bd3 Bg4 8. f3
Bh5 9. Nge2 e6 10. O-O Bd6 11. Rc1 O-O 12. Na4 e5 13. Bg5 Bg6 14. Bxg6 hxg6 15.
Qb3 exd4 16. Nxd4 Rb8 17. Nxc6 bxc6 18. Qd3 Qc7 19. Bxf6 gxf6 20. h3 Rfc8 21.
b3 a5 22. Rc2 Qe7 23. Rfc1 Ba3 24. Rd1 Kg7 25. Re1 1/2-1/2

[Event "4NCL Division 1 & 2"]
[Site "Daventry, ENG"]
[Date "2022.02.13"]
[Round "4.133"]
[White "Mackenzie, Colin"]
[Black "Birtwistle, Nigel"]
[Result "0-1"]
[WhiteElo "2028"]
[BlackElo "2167"]
[PlyCount "82"]
[EventDate "2022.02.13"]
[WhiteTeam "Kings Head"]
[BlackTeam "The Sharks 2"]

1. c4 e5 2. g3 Nf6 3. Bg2 c6 4. d4 exd4 5. Qxd4 Na6 6. Nc3 Bc5 7. Qd2 Qb6 8. e3
Bb4 9. Nge2 Nc5 10. O-O a5 11. Qc2 a4 12. Bd2 a3 13. bxa3 Bxa3 14. Rab1 Qa6 15.
Ne4 Nfxe4 16. Bxe4 d6 17. Nf4 Qa4 18. Bxh7 Bg4 19. f3 Bd7 20. Bf5 Bxf5 21. Qxf5
Qxc4 22. Ba5 b5 23. Bb6 Ne6 24. Nxe6 Qxe6 25. Qd3 O-O 26. Bd4 Bc5 27. Bxc5 dxc5
28. a3 c4 29. Qc3 Rfe8 30. e4 Qd6 31. Ra1 Qc5+ 32. Kg2 Red8 33. Rfc1 Ra4 34.
Rd1 Rxd1 35. Rxd1 Rxa3 36. Rd8+ Kh7 37. Qc2 Qe3 38. e5+ g6 39. Rd7 Qxf3+ 40.
Kh3 Re3 41. Rd4 Rxe5 0-1

[Event "4NCL Division 1 & 2"]
[Site "Daventry, ENG"]
[Date "2022.02.13"]
[Round "4.134"]
[White "Badacsonyi, Frankie"]
[Black "Kafka, Graeme"]
[Result "1-0"]
[WhiteElo "1622"]
[BlackElo "2033"]
[PlyCount "101"]
[EventDate "2022.02.13"]
[WhiteTeam "Kings Head"]
[BlackTeam "The Sharks 2"]

1. Nf3 d5 2. g3 Nf6 3. Bg2 Bf5 4. O-O e6 5. d3 Be7 6. Nh4 Bg6 7. Nc3 c6 8. e4
dxe4 9. dxe4 Qxd1 10. Rxd1 Bh5 11. Re1 O-O 12. h3 Na6 13. g4 Nd7 14. Nf3 Bg6
15. Nd4 c5 16. Nf5 Bf6 17. Nd6 Nb4 18. Re2 Rab8 19. f4 Bd4+ 20. Kh1 f5 21. Ncb5
Nc6 22. c3 Bf6 23. e5 Be7 24. Nc7 Nd8 25. Nxe6 Bxd6 26. Nxf8 Bxf8 27. e6 Nf6
28. e7 Bxe7 29. Rxe7 fxg4 30. hxg4 Kf8 31. Re1 Nxg4 32. Be3 Nxe3 33. Rxe3 Nf7
34. Rd1 Rd8 35. Rde1 Nd6 36. Re7 Bf5 37. Rc7 Rd7 38. Rxc5 b6 39. Rd5 g6 40. Kh2
Nc4 41. b3 Rxd5 42. Bxd5 Nd6 43. c4 Ne8 44. b4 Nf6 45. Bf3 Nd7 46. Kg3 Kf7 47.
Bg4 Kf6 48. Bxf5 Kxf5 49. c5 g5 50. fxg5 bxc5 51. Re7 1-0

[Event "4NCL Division 1 & 2"]
[Site "Daventry, ENG"]
[Date "2022.02.13"]
[Round "4.135"]
[White "Modi, Shyam Jagdish"]
[Black "Martin, Lewis"]
[Result "1-0"]
[WhiteElo "2243"]
[BlackElo "2268"]
[PlyCount "45"]
[EventDate "2022.02.13"]
[WhiteTeam "The Sharks 2"]
[BlackTeam "Check Inn"]

1. d4 d5 2. c4 c6 3. Nf3 Nf6 4. g3 e6 5. Qc2 Nbd7 6. Bg2 Bd6 7. O-O O-O 8. Nbd2
Qe7 9. Re1 b6 10. e4 dxe4 11. Nxe4 Nxe4 12. Qxe4 Bb7 13. Bg5 Nf6 14. Qh4 h6 15.
Bxh6 gxh6 16. Qxh6 Nh7 17. Re4 f6 18. Rae1 Rae8 19. Rg4+ Kh8 20. Rxe6 Qd7 21.
Nh4 Rg8 22. Ng6+ Rxg6 23. Qxg6 1-0

[Event "4NCL Division 1 & 2"]
[Site "Daventry, ENG"]
[Date "2022.02.13"]
[Round "4.136"]
[White "Hackett, Dave G"]
[Black "Williams, Samuel G"]
[Result "0-1"]
[WhiteElo "2115"]
[BlackElo "2239"]
[PlyCount "58"]
[EventDate "2022.02.13"]
[WhiteTeam "Check Inn"]
[BlackTeam "The Sharks 2"]

1. e4 e5 2. d4 exd4 3. Qxd4 Nc6 4. Qe3 Nf6 5. Nc3 Bb4 6. Bd2 O-O 7. O-O-O Re8
8. Bc4 d6 9. f3 Ne5 10. Bb3 a5 11. a4 c6 12. Nh3 b5 13. Nf4 Bc5 14. Qe1 b4 15.
Nce2 Ba6 16. Ng3 Qb6 17. Nf5 Ng6 18. Qg3 Bf2 19. Qg5 d5 20. Nxg6 hxg6 21. Nd6
Re6 22. e5 Nd7 23. f4 Nc5 24. f5 Nxb3+ 25. cxb3 Rxd6 26. exd6 Bd3 27. Qg4 Qc5+
28. Bc3 Be3+ 29. Rd2 bxc3 0-1

[Event "4NCL Division 1 & 2"]
[Site "Daventry, ENG"]
[Date "2022.02.13"]
[Round "4.137"]
[White "Milson, Samuel A"]
[Black "Parker, Francis"]
[Result "1/2-1/2"]
[WhiteElo "2145"]
[BlackElo "2094"]
[PlyCount "96"]
[EventDate "2022.02.13"]
[WhiteTeam "The Sharks 2"]
[BlackTeam "Check Inn"]

1. e4 e5 2. Nf3 Nc6 3. Bc4 Nf6 4. d4 exd4 5. e5 d5 6. Bb5 Ne4 7. Nxd4 Bc5 8.
Be3 Bd7 9. Bxc6 bxc6 10. O-O O-O 11. f3 Ng5 12. f4 Ne4 13. Nd2 f5 14. Nxe4 fxe4
15. Qh5 Qe7 16. b4 Bxb4 17. e6 Bxe6 18. Nxc6 Qd6 19. Nxb4 Qxb4 20. Rab1 Qc3 21.
Rb3 Qf6 22. Bc5 Rf7 23. Rg3 g6 24. Qd1 Qh4 25. Qd2 Rd8 26. Bd4 Bc8 27. Qa5 c6
28. Rg5 Rdf8 29. g3 Qh3 30. c4 Qe6 31. Re5 Qd7 32. cxd5 Rd8 33. Bb2 cxd5 34.
Rd1 Qc7 35. Qd2 Bg4 36. Rc1 Qb6+ 37. Bd4 Qb7 38. a4 h5 39. h4 Qb3 40. Kh2 Qxa4
41. Rc5 Qb3 42. f5 Qd3 43. Qf2 Rxf5 44. Rxf5 Bxf5 45. Rc7 e3 46. Bxe3 Re8 47.
Qb2 d4 48. Bf2 Qe4 1/2-1/2

[Event "4NCL Division 1 & 2"]
[Site "Daventry, ENG"]
[Date "2022.02.13"]
[Round "4.138"]
[White "Lentzos, Ioanis"]
[Black "Ashworth, Robert"]
[Result "1-0"]
[WhiteElo "2138"]
[BlackElo "1880"]
[PlyCount "119"]
[EventDate "2022.02.13"]
[WhiteTeam "The Sharks 2"]
[BlackTeam "Check Inn"]

1. c4 e6 2. Nc3 d5 3. cxd5 exd5 4. d4 Nf6 5. Qc2 c6 6. Bf4 Bd6 7. Bg3 Qe7 8. e3
Nbd7 9. Bd3 O-O 10. Nge2 b6 11. O-O Bb7 12. Rab1 a6 13. Rfd1 c5 14. dxc5 bxc5
15. Qa4 Ne5 16. Bf5 Rfd8 17. Rbc1 Bc6 18. Qc2 h6 19. Na4 Bxa4 20. Qxa4 Nc4 21.
Qc2 Bxg3 22. Nxg3 Qe5 23. b3 Nd6 24. Bd3 Rac8 25. Bxa6 Rc6 26. Be2 Rdc8 27. Bf3
c4 28. Qc3 Qe6 29. b4 Nb5 30. Qc2 Qe5 31. a4 Nd6 32. Qc3 Qxc3 33. Rxc3 Rb6 34.
Rb1 Rd8 35. b5 Ra8 36. Bd1 Nfe4 37. Nxe4 Nxe4 38. Ra3 Ra5 39. f3 Nd6 40. Raa1
Kf8 41. Bc2 Ke7 42. Kf2 Nb7 43. Ke2 Kd6 44. Kd2 Kc5 45. Kc3 Re6 46. Re1 Rd6 47.
Rad1 Ra8 48. Rd4 Nd8 49. e4 Ra7 50. Rxd5+ Rxd5 51. exd5 Rd7 52. Re4 Rxd5 53.
Rxc4+ Kb6 54. Kb4 Ne6 55. a5+ Ka7 56. Be4 Rd6 57. Rc8 Rd4+ 58. Kc3 Rd8 59. Rxd8
Nxd8 60. Bd5 1-0

[Event "4NCL Division 1 & 2"]
[Site "Daventry, ENG"]
[Date "2022.02.13"]
[Round "4.139"]
[White "Ogunshola, Ben"]
[Black "Kenworthy, Gary"]
[Result "1/2-1/2"]
[WhiteElo "2218"]
[BlackElo "2256"]
[PlyCount "50"]
[EventDate "2022.02.13"]
[WhiteTeam "Check Inn"]
[BlackTeam "Kings Head"]

1. c4 e5 2. Nc3 Nf6 3. Nf3 Nc6 4. g3 Bb4 5. Bg2 O-O 6. O-O Re8 7. d3 Bxc3 8.
bxc3 d6 9. Rb1 h6 10. Nd2 a5 11. Qa4 Ra6 12. Ba3 Nd7 13. c5 Nxc5 14. Bxc5 dxc5
15. Rb5 Rb6 16. Nc4 Rxb5 17. Qxb5 Qe7 18. Bxc6 bxc6 19. Qxc6 e4 20. Ne3 exd3
21. exd3 Bh3 22. Rb1 Rd8 23. Nd5 Qe5 24. c4 Re8 25. Ne3 Rd8 1/2-1/2

[Event "4NCL Division 1 & 2"]
[Site "Daventry, ENG"]
[Date "2022.02.13"]
[Round "4.140"]
[White "McMichael, Richard J"]
[Black "Jones, Mark A"]
[Result "0-1"]
[WhiteElo "2155"]
[BlackElo "2098"]
[PlyCount "55"]
[EventDate "2022.02.13"]
[WhiteTeam "Kings Head"]
[BlackTeam "Check Inn"]

1. b3 e5 2. Bb2 Nc6 3. e3 Nge7 4. c4 d5 5. cxd5 Nxd5 6. Nf3 e4 7. Nd4 Nxd4 8.
Bxd4 Nb4 9. a3 Nd3+ 10. Bxd3 exd3 11. Qh5 Be6 12. Qb5+ Qd7 13. Qxb7 Bd5 14. Qa6
c5 15. Be5 Bxb3 16. Nc3 f6 17. Rb1 c4 18. Bd4 Be7 19. O-O O-O 20. Nb5 Rfc8 21.
a4 Bb4 22. Nc3 Rab8 23. Qxa7 Qc6 24. Rfc1 Rb7 25. Nb5 Bxd2 26. Qxb7 Qxb7 27.
Nd6 Qd7 28. Nxc8 0-1

[Event "4NCL Division 1 & 2"]
[Site "Daventry, ENG"]
[Date "2022.02.13"]
[Round "4.141"]
[White "Rabbitt, Michael"]
[Black "Thatte, Nishchal"]
[Result "0-1"]
[WhiteElo "2018"]
[BlackElo "2042"]
[PlyCount "48"]
[EventDate "2022.02.13"]
[WhiteTeam "Check Inn"]
[BlackTeam "Kings Head"]

1. e4 e6 2. d4 d5 3. Nc3 Bb4 4. e5 c5 5. a3 Bxc3+ 6. bxc3 Ne7 7. Qg4 Qc7 8.
Qxg7 Rg8 9. Qxh7 cxd4 10. Ne2 Nbc6 11. f4 dxc3 12. Qd3 d4 13. Nxd4 Nxd4 14.
Qxd4 Bd7 15. Rg1 Nf5 16. Qf2 Qc6 17. Bd3 Qd5 18. Bxf5 exf5 19. Be3 O-O-O 20.
Rd1 Qa2 21. Bxa7 Bc6 22. Bd4 Qd5 23. g3 Qe4+ 24. Qe3 Rxd4 0-1

[Event "4NCL Division 1 & 2"]
[Site "Daventry, ENG"]
[Date "2022.02.13"]
[Round "4.142"]
[White "Fernando, Manel"]
[Black "Borrowdale, Graham E"]
[Result "0-1"]
[WhiteElo "1588"]
[BlackElo "1994"]
[PlyCount "90"]
[EventDate "2022.02.13"]
[WhiteTeam "Check Inn"]
[BlackTeam "Kings Head"]

1. d4 e6 2. Nf3 Nf6 3. Bf4 d5 4. e3 Bd6 5. Ne5 Bxe5 6. Bxe5 Nbd7 7. Bg3 Ne4 8.
Nd2 f5 9. Bd3 O-O 10. Nxe4 fxe4 11. Be2 Qg5 12. O-O c6 13. Qd2 Nf6 14. f3 Bd7
15. Bf4 Qg6 16. Rac1 h5 17. fxe4 Nxe4 18. Qe1 e5 19. dxe5 Bh3 20. Bf3 Ng5 21.
Qg3 Nxf3+ 22. Rxf3 Qxg3 23. Rxg3 Bf5 24. c3 Kf7 25. h3 g6 26. Kf2 Rfd8 27. Rg5
Ke6 28. g4 hxg4 29. hxg4 Be4 30. Rd1 Rh8 31. c4 Rad8 32. cxd5+ cxd5 33. Ke1 Rc8
34. a3 Rc2 35. Rd2 Rh1+ 36. Ke2 Rhc1 37. b3 Rxd2+ 38. Kxd2 Rc2+ 39. Kd1 Rc3 40.
Bg3 Rxb3 41. Kc1 b5 42. Be1 Rb1+ 43. Kd2 a5 44. Ke2 a4 45. Bb4 Rxb4 0-1